Educación y cuidado de los excepcionales
Salvato in:
| Autori principali: | , |
|---|---|
| Natura: | Libro |
| Lingua: | spagnolo |
| Pubblicazione: |
Washington, D.C
Unión Panamericana
1941
|
| Serie: | Educación, 113-114
|
| Soggetti: | |
| Tags: |
Aggiungi Tag
Nessun Tag, puoi essere il primo ad aggiungerne!!
|
MARC
| LEADER | 00000nam a2200000 a 4500 | ||
|---|---|---|---|
| 001 | UCZ9776 | ||
| 003 | CL-VaPUC | ||
| 008 | 960311e19410000US |||||||||||||||||spa|d | ||
| 082 | 0 | 4 | |a 371.9 |b FRA |2 21 |
| 100 | 0 | |a Frampton, Merle E |e author |9 354636 | |
| 700 | 0 | |a Morgan, Camilla |e author |9 354637 | |
| 245 | 1 | 0 | |a Educación y cuidado de los excepcionales |
| 300 | |a 38 p | ||
| 942 | |c BK | ||
| 945 | |d 19960311 00:00:00 |a cmena | ||
| 260 | |a Washington, D.C |b Unión Panamericana |c 1941 | ||
| 650 | 0 | |a Educación especial |9 307486 | |
| 650 | 0 | |a Métodos de enseñanza |9 270413 | |
| 650 | 7 | |a NIÑOS MINUSVALIDOS |2 CL-VaPUC |9 309747 | |
| 650 | 0 | |a Sordos |9 310755 | |
| 650 | 7 | |a CIEGOS |2 CL-VaPUC |9 309876 | |
| 650 | 0 | |a Integración escolar |9 312238 | |
| 650 | 0 | |a Alumnos atípicos |9 340239 | |
| 583 | |a last modification |c 20170907 01:20:10 |k Rodrigo Vera | ||
| 490 | 0 | |a Educación, 113-114 | |
| 999 | |c 244843 |d 244841 | ||
| 952 | |0 0 |1 0 |4 0 |6 371_900000000000000_FRA_1941 |7 0 |8 P |9 259091 |a BIBEDU |b BIBEDU |c BIBEDU_PB |d 2019-11-19 |i 1629786 |o 371.9 FRA 1941 |p 1629786 |r 2024-01-25 |w 2019-11-19 |y BK |k EDU | ||